Library Banner

تاریخ سندھ (Record no. 73081)

MARC details
000 -LEADER
fixed length control field 00398nam a22001457a 4500
005 - DATE AND TIME OF LATEST TRANSACTION
control field 20150612101221.0
008 - FIXED-LENGTH DATA ELEMENTS--GENERAL INFORMATION
fixed length control field 150612b xxu||||| |||| 00| 0 eng d
040 ## - CATALOGING SOURCE
Transcribing agency PK-LaUMT
082 ## - DEWEY DECIMAL CLASSIFICATION NUMBER
Classification number KHC 954.918
Item number ABU-T
100 ## - MAIN ENTRY--PERSONAL NAME
Personal name ابوظفر
245 ## - TITLE STATEMENT
Title تاریخ سندھ
Statement of responsibility, etc ابوظفر
260 ## - PUBLICATION, DISTRIBUTION, ETC. (IMPRINT)
Place of publication, distribution, etc اعظم گڑہ
Name of publisher, distributor, etc درمطبع معارف اعظم گڑہ
Date of publication, distribution, etc 1947
300 ## - PHYSICAL DESCRIPTION
Extent 390 ص
942 ## - ADDED ENTRY ELEMENTS (KOHA)
Koha item type Books
Holdings
Withdrawn status Lost status Damaged status Home library Current library Date acquired Full call number Barcode Date last seen Price effective from Koha item type
      UMT Main Campus UMT Main Campus 2015-06-12 KHC 954.918 ABU-T 84951 2015-06-12 2015-06-12 Books